Géographie du peuplement (notice n° 1566622)

détails MARC
000 -LEADER
fixed length control field 01112cam a2200133 4500500
005 - DATE AND TIME OF LATEST TRANSACTION
control field 20251214001958.0
041 ## - LANGUAGE CODE
Language code of text/sound track or separate title fre
042 ## - AUTHENTICATION CODE
Authentication code dc
100 10 - MAIN ENTRY--PERSONAL NAME
Personal name Baudelle, Guy
Relator term author
245 00 - TITLE STATEMENT
Title Géographie du peuplement
260 ## - PUBLICATION, DISTRIBUTION, ETC.
Name of publisher, distributor, etc. Armand Colin,<br/>
Date of publication, distribution, etc. 2022.<br/>
520 ## - SUMMARY, ETC.
Summary, etc. Où habitent les hommes sur Terre ? Pourquoi vit-on ici plutôt qu’ailleurs ? Pourquoi certaines régions sont vides et d’autres si peuplées ? Comment expliquer les grands contrastes de densité dans des milieux physiques pourtant similaires ? Quelles sont les dynamiques historiques et actuelles du peuplement ? La nouvelle édition de cet ouvrage entièrement mis à jour et illustré de nombreuses nouvelles cartes analyse l’ensemble de ces questions en intégrant l’apport des différentes branches de la géographie : démographie, géographies rurale, urbaine, industrielle, historique… Un texte clair et concis enrichi qui vient poser les jalons d’une théorie générale du peuplement terrestre.
856 41 - ELECTRONIC LOCATION AND ACCESS
Uniform Resource Identifier <a href="https://shs.cairn.info/geographie-du-peuplement--9782200633806?lang=fr&redirect-ssocas=7080">https://shs.cairn.info/geographie-du-peuplement--9782200633806?lang=fr&redirect-ssocas=7080</a>

Pas d'exemplaire disponible.

PLUDOC

PLUDOC est la plateforme unique et centralisée de gestion des bibliothèques physiques et numériques de Guinée administré par le CEDUST. Elle est la plus grande base de données de ressources documentaires pour les Étudiants, Enseignants chercheurs et Chercheurs de Guinée.

Adresse

627 919 101/664 919 101

25 boulevard du commerce
Kaloum, Conakry, Guinée

Réseaux sociaux

Powered by Netsen Group @ 2025